| 000 | 00368nam a2200157Ia 4500 | ||
|---|---|---|---|
| 008 | 230711s9999||||xx |||||||||||||| ||und|| | ||
| 041 | _aENG | ||
| 082 |
_a621.317 _bDO-M |
||
| 100 | _aDorf,Richard C | ||
| 245 | 0 | _aModern control system | |
| 250 | _a1st Ed. | ||
| 260 |
_c2005 _aNew Delhi _bPearson |
||
| 300 | _a855 | ||
| 650 | _aElectrical Engineering | ||
| 942 | _cBK | ||
| 999 |
_c4468 _d4468 |
||